000 00918nam a22002537a 4500
005 20170124103028.0
010 _aA-613786
020 _c60.00
035 _aA-613786
037 _bCen Lib/Ret
040 _aDPL
_bHN
082 _a
_bमायाश
100 _aमाया शबनम
_962926
245 _aसुजान के आँगन /
_cमाया शबनम
246 _aSujaan ke aangan /
_bby Maya Shabnam
260 _aइलाहाबाद
_bसाहित्य भवन
_c1993
270 _bइलाहाबाद
_a93, जीरोरोड
300 _a172पृ.
_c21सेमी (सजिल्द)
650 _aहिन्दी -- साहित्य
_962927
650 _aहिन्दी -- उपन्यास
_962928
650 _aHindi -- Literature
_962929
650 _aHindi -- Fiction
_927248
942 _2ddc
_cHN
_h
_mमायाश
999 _c115726
_d115726